000 01378nam a2200397 4500
001 000854
003 DO-SdBPM
005 20250804143337.0
007 ta
008 160601b1996 dr |||| 00| 0 spa d
020 _a9688806765
040 _aDO-SdBPM
_bspa
_cBPMSU
_erda
082 4 _a658.8
_bK87d 1996
_222
100 1 _6Kotler, Philip.
_eautor
240 _aMarketing managemnet. Analysis, planning, and control.
245 _aDirección de mercadotecnia :
_banálisis, planeación y control /
_cPhilip Kotler ; traducción Arturo Córdova Just ; revisión técnica Marcela Benassini Félix ; / editor Luis Gerardo Cedeño Plascedia.
250 _a8a. ed.
264 _aMéxico :
_bPrentice-Hall,
_c1996
300 _axxix 800 págianas :
_b ilustraciones ;
_c 27 cm.
336 _atexto
_btxt
_2rdacontent
337 _asin mediación
_bn
_2rdamedia
338 _avolumen
_bnc
_2rdacarrier
440 _n
500 _aIncluye bibliografía e índice.
590 _aInvetariado, 2025/VM
600 _2
650 7 _aMercadeo
650 7 _aAnálisis de mercado
650 7 _aPlanificación del mercadeo
651 _2
700 1 _aCórdova Just, Arturo,
_d1952-
_etraductor
700 1 _aBenassini Félix, Marcela .
700 1 _aCedeño Plascencia, Luis Gerardo ,
_eeditor
910 _aVMateo V. Control de calidad. BPMSU
942 _2ddc
_cBK
999 _c10258
_d10258